عرض عادي عرض مارك
  • Puttini, Richardo,

مدخل إسم شخص

عدد التسجيلات المستخدمة في: 2

001 - رقم الضبط

  • حقل الضبط: 64287

003 - معرف رقم الضبط

  • حقل الضبط: OSt

005 - تاريخ ووقت أخر عملية

  • حقل الضبط: 20180817171902.0

008 - عناصر بيانات ثابتة الطول

  • حقل تحكم ثابت الطول: 180817|| aca||aabn | a|a d

040 ## - مصدر الفهرسة

  • هيئة الفهرسة الأصلية: OSt
  • وكالة الكتابة: OSt

100 ## - مدخل -- أسم شخص

  • إسم شخص: Puttini, Richardo,
  • تواريخ مرتبطة بالاسم: 1974-

670 ## - بيانات المصدر موجوده

  • الاستشهاد بالمصدر: Work cat.: (OSt)0: Erl, Thomas. 64285, Cloud computing :